Garry Marshall Movies Quiz Stats

 Plays Quiz Updated Jul 20, 2016

Challenge
Share
Tweet
Embed
Score 0/18 Timer 05:00
0 Plays Today
Year Movie % Correct
1990Pretty Woman
89.2%
2010Valentine's Day
52.9%
2011New Year's Eve
48.2%
1999Runaway Bride
46.1%
2016Mothers Day
46%
2001The Princess Diaries
42.7%
2004The Princess Diaries 2: Royal Engagement
37.1%
1988Beaches
21.7%
1987Overboard
20.1%
Year Movie % Correct
1984The Flamingo Kid
16.8%
2004Raising Helen
16.1%
1986Nothing In Common
15%
2007Georgia Rule
14.3%
1994Exit to Eden
13.9%
1991Frankie and Johnny
13.9%
1999The Other Sister
13.5%
1982Young Doctors In Love
13.5%
1996Dear God
13.4%

You're not logged in!

Compare scores with friends on all Sporcle quizzes.
Join for Free
OR
Log In

You Might Also Like...

Show Comments

Extras

Top Quizzes Today


Score Distribution

Your Account Isn't Verified!

In order to create a playlist on Sporcle, you need to verify the email address you used during registration. Go to your Sporcle Settings to finish the process.

Report this User

Report this user for behavior that violates our Community Guidelines.

Details: